00720nam a2200241 i 4500001001000000003000900010005001700019007000300036008004100039020001500080040003000095041000700125082001900132100003200151245006000183250004500243264004100288300002900329336002700358337003300385338002800418504003200446000038620DO-SdBNP20250627082844.0ta250627s2002 dr 000 0 spa d a9993476560 aDO-SdBNPbspacBNPHUdrda hsp axxxbT628f2221 aTobal, Vinicioeautor4aut.10aFundamentos de derecho administrativo /cVinicio Tobal. aSegunda edición ampliada y actualizada aSanto Domingo :bAlfa y Omega,c2002 a286 páginas. ;c23 cm. ardacontentbtexto2txt ardamediabsin mediación2n ardacarrierbvolumen2nc aBibliografía : p. 192-194